00492nam a22001457a 450000500170000000800410001702000280005804100130008608200130009910000410011224500840015326000570023730000260029465000260032020240118082609.0240118b |||||||| |||| 00| 0 eng d a0409003301 ; 0409004170 aEnglish  a349 JOU  aJoubert, WA and Scott, TJ lEnglish  aThe Law of South Africa : Index to Volumes 1 to 10 / cWA Joubert and TJ Scott  aDurban : bButterworth Publishers (Pty) Ltd, c1985  b551 pages ; c26 cm.  aLegal practice bLaw